1557 1284 1040 1909 1929 1620 1595 1913 1350 1550 1417 1644 1134 1082 1716 1871 1045 1435 1825 1165 1112 1931 1996 1583 1830 1260 1289 1079 1873 1927 1171 1861 1953 1302 1639 1532 1252 1458 1305 1593 1174 1381 1758 1888 1623 1218 1612 1011 1375 1343 1780 1765 1337 1280 1264 1778 1727 1902 1619 1115 1604 1036 1413 1782 1360 1801 1000 1173 1789 1981 1327 1491 1917 1538 1182 1777 1987 1002 1861 1187 1910 1361 1555 1246 1988 1395 1985 1368 1278 1436 1560 1247 1025 1946 1033 1107 1122 1852 1002 BCNSPRNW ULIB Ver.6.0+V

เปลี่ยนเป็นภาษาไทย

Change to English
 แสดงรายละเอียดบรรณานุกรม
  กลับหน้าหลัก

Brief Record : Get Marc (ISO 2709) : E-mail record : QR code < ปิดหน้าต่าง
LEADER : 00000nam 2200000uu 4500
001    13399124296
003     ULIB
008    150220s2557||||th 000 0 tha d
020    ^a9786169146841
060 04 ^aQV55^bน657ค
100 0  ^aนภัตสร กุมาร์
245 10 ^aคู่มือการใช้ยา/^cนภัตสร กุมาร์
246 0  ^aยา :^bมิตรแท้หรือศัตรูอันร้ายกาจ
260    ^aกรุงเทพฯ :^bบพิธการพิมพ์,^c2557.
300    ^a227 หน้า;^c21 ซม.
650  7 ^aการใช้ยา
650  7 ^aยา^xคู่มือ
945    ^p400^l0^i22877
945    ^p400^l0^i22878
945    ^p400^l0^i22879
945    ^p400^l0^i22880
945    ^p400^l0^i22881
945    ^p400^l0^i22882
945    ^p400^l0^i22883
999    ^aทศพร เกษรทอง
รายการนี้ยังไม่มีแท็ก
คุณยังไม่ได้ล็อกอิน คุณสามารถมีกิจกรรมร่วมกับเว็บไซต์ได้ แต่ต้องล็อกอินก่อน ::
  ล็อกอิน

รายการสื่อสารสนเทศ

ลำดับที่ ประเภท เลขเรียก/บาร์โค้ด สถานที่ สถานะ
1. วิทยาศาสตร์การแพทย์ และสุขภาพ
วิทยาศาสตร์การแพทย์ และสุขภาพ
สถานะ=หนังสือเก่า
QV55 น657ค ฉ.1 
  Barcode: 22877
ห้องสมุดวิทยาเขตนครสวรรค์
►ส่วนจัดเก็บหนังสือเก่า นว.
บนชั้น
  ขอยืม
2. วิทยาศาสตร์การแพทย์ และสุขภาพ
วิทยาศาสตร์การแพทย์ และสุขภาพ
สถานะ=หนังสือเก่า
QV55 น657ค ฉ.2 
  Barcode: 22878
ห้องสมุดวิทยาเขตนครสวรรค์
►ส่วนจัดเก็บหนังสือเก่า นว.
บนชั้น
  ขอยืม
3. วิทยาศาสตร์การแพทย์ และสุขภาพ
วิทยาศาสตร์การแพทย์ และสุขภาพ
สถานะ=หนังสือเก่า
QV55 น657ค ฉ.3 
  Barcode: 22879
ห้องสมุดวิทยาเขตนครสวรรค์
►ส่วนจัดเก็บหนังสือเก่า นว.
บนชั้น
  ขอยืม
4. วิทยาศาสตร์การแพทย์ และสุขภาพ
วิทยาศาสตร์การแพทย์ และสุขภาพ
สถานะ=หนังสือเก่า
QV55 น657ค ฉ.4 
  Barcode: 22880
ห้องสมุดวิทยาเขตนครสวรรค์
►ส่วนจัดเก็บหนังสือเก่า นว.
บนชั้น
  ขอยืม
5. วิทยาศาสตร์การแพทย์ และสุขภาพ
วิทยาศาสตร์การแพทย์ และสุขภาพ
สถานะ=หนังสือเก่า
QV55 น657ค ฉ.5 
  Barcode: 22881
ห้องสมุดวิทยาเขตนครสวรรค์
►ส่วนจัดเก็บหนังสือเก่า นว.
บนชั้น
  ขอยืม
6. วิทยาศาสตร์การแพทย์ และสุขภาพ
วิทยาศาสตร์การแพทย์ และสุขภาพ
สถานะ=หนังสือเก่า
QV55 น657ค ฉ.6 
  Barcode: 22882
ห้องสมุดวิทยาเขตนครสวรรค์
►ส่วนจัดเก็บหนังสือเก่า นว.
บนชั้น
  ขอยืม
7. วิทยาศาสตร์การแพทย์ และสุขภาพ
วิทยาศาสตร์การแพทย์ และสุขภาพ
สถานะ=หนังสือเก่า
QV55 น657ค ฉ.7 
  Barcode: 22883
ห้องสมุดวิทยาเขตนครสวรรค์
►ส่วนจัดเก็บหนังสือเก่า นว.
บนชั้น
  ขอยืม

รายการใกล้เคียง
    ผู้แต่ง [นภัตสร กุมาร์]

    หัวเรื่อง [การใช้ยา]

BibComment


ยังไม่เคยถูกคอมเมนท์

คอมเมนท์ทรัพยากรรายการนี้
  คอมเมนท์: คู่มือการใช้ยา น..


 Copyright 2026. Bcnsprnw @Library